[Event "I. CLANSKA LIGA ZAHOD 2025"]
[Site "Komenda"]
[Date "2025.10.10"]
[Round "4.2"]
[White "Markocic, Tine"]
[Black "Suhadolnik, Jernej"]
[Result "1/2-1/2"]
[WhiteElo "2110"]
[BlackElo "1887"]
[PlyCount "76"]
[EventDate "2025.09.26"]
[WhiteTeam "SK NOVA GORICA"]
[BlackTeam "SK TRZIN"]

1. c4 b6 2. e4 e6 3. Nc3 a5 4. g3 d6 5. Bg2 e5 6. Nge2 h5 7. h4 Be7 8. d4 Nd7
9. Be3 Rb8 10. Qa4 Ngf6 11. dxe5 dxe5 12. O-O-O Ng4 13. Bh3 Nxe3 14. fxe3 Rh6
15. Rhf1 c6 16. Qb3 Bc5 17. Na4 Qe7 18. Bxd7+ Bxd7 19. Rxd7 Kxd7 20. Nxc5+ Qxc5
21. Rxf7+ Ke8 22. Rf5 Rf6 23. Rxh5 Rd8 24. Qc3 Rf1+ 25. Kc2 Qd6 26. Qxe5+ Kf7
27. Rf5+ Rxf5 28. Qxd6 Rxd6 29. exf5 Kf6 30. g4 Ke5 31. Ng3 b5 32. g5 b4 33. e4
a4 34. Nh5 Kxe4 35. Nxg7 Ke3 36. Ne6 Rd2+ 37. Kc1 Ke2 38. Nc5 Rd1+ 1/2-1/2

[Event "I. CLANSKA LIGA ZAHOD 2025"]
[Site "Komenda"]
[Date "2025.10.10"]
[Round "4.2"]
[White "Porenta, Matija"]
[Black "Vicic, Mark"]
[Result "0-1"]
[WhiteElo "1831"]
[BlackElo "1855"]
[PlyCount "46"]
[EventDate "2025.09.26"]
[WhiteTeam "SK TRZIN"]
[BlackTeam "SK NOVA GORICA"]

1. e4 b6 2. d4 Bb7 3. Bd3 e6 4. Ne2 Nf6 5. f3 d5 6. exd5 Nxd5 7. O-O c5 8. Bb5+
Bc6 9. Bxc6+ Nxc6 10. dxc5 Bxc5+ 11. Kh1 Qf6 12. Nec3 O-O-O 13. Nxd5 Rxd5 14.
Qe2 Nd4 15. Qa6+ Kb8 16. Nc3 Rh5 17. g3 Nxc2 18. Nb5 Qe7 19. Rb1 Rd8 20. a3 Be3
21. Bxe3 Nxe3 22. Rfe1 Rd2 23. Rxe3 Rdxh2+ 0-1

[Event "I. CLANSKA LIGA ZAHOD 2025"]
[Site "Komenda"]
[Date "2025.10.10"]
[Round "4.2"]
[White "Vicic, Maks"]
[Black "Konvalinka, Kostja"]
[Result "1-0"]
[WhiteElo "1640"]
[BlackElo "1704"]
[PlyCount "103"]
[EventDate "2025.09.26"]
[WhiteTeam "SK NOVA GORICA"]
[BlackTeam "SK TRZIN"]

1. e4 c5 2. Nf3 d6 3. d4 cxd4 4. Nxd4 Nf6 5. Nc3 g6 6. f3 Bg7 7. Be3 O-O 8. Qd2
Re8 9. Bc4 Nc6 10. O-O-O Nxd4 11. Bxd4 Be6 12. Bxe6 fxe6 13. f4 Qa5 14. e5 dxe5
15. Bxe5 Red8 16. Qe2 Rxd1+ 17. Rxd1 Rd8 18. Rxd8+ Qxd8 19. Bxf6 Bxf6 20. Qxe6+
Kg7 21. Nd5 h6 22. c3 Qa5 23. Nxe7 Bxe7 24. Qxe7+ Kg8 25. Qxb7 Qxa2 26. Kc2 Kf8
27. Qb8+ Ke7 28. Qb3 Qa1 29. Qa3+ Qxa3 30. bxa3 Kd6 31. c4 Kc6 32. Kc3 Kc5 33.
Kd3 a6 34. Kc3 h5 35. h4 a5 36. a4 Kc6 37. Kd4 Kd6 38. c5+ Ke6 39. c6 Kd6 40.
c7 Kxc7 41. Ke5 Kb6 42. Kf6 Kc5 43. Kxg6 Kb4 44. f5 Kxa4 45. f6 Kb3 46. f7 a4
47. f8=Q a3 48. Qf6 Ka2 49. Kf5 Kb1 50. g4 a2 51. g5 a1=Q 52. Qxa1+ 1-0

[Event "I. CLANSKA LIGA ZAHOD 2025"]
[Site "Komenda"]
[Date "2025.10.10"]
[Round "4.3"]
[White "Stevanic, David"]
[Black "Plaskan, Jure"]
[Result "1/2-1/2"]
[WhiteElo "2311"]
[BlackElo "2215"]
[PlyCount "199"]
[EventDate "2025.09.26"]
[WhiteTeam "SK KOCEVJE"]
[BlackTeam "SD DOMZALE"]

1. e4 Nf6 2. e5 Nd5 3. c4 Nb6 4. d4 d6 5. f4 dxe5 6. fxe5 Bf5 7. Nc3 e6 8. Nf3
Be7 9. Be3 Nc6 10. d5 exd5 11. cxd5 Nb4 12. Nd4 Bd7 13. e6 fxe6 14. dxe6 Bc6
15. Qg4 Bh4+ 16. g3 N4d5 17. Nxc6 Nxe3 18. Nxd8 Nxg4 19. Nf7 O-O 20. gxh4 Rae8
21. O-O-O Nf2 22. Bd3 Nxh1 23. Rxh1 Rxe6 24. Ng5 Rh6 25. Re1 Rxh4 26. Re7 Rxh2
27. Ne6 Rff2 28. Rxg7+ Kh8 29. Rxc7 Kg8 30. Rg7+ Kh8 31. Rxb7 Rh1+ 32. Nd1 Rf6
33. Re7 Kg8 34. Be4 Rh5 35. Ne3 Nc8 36. Re8+ Kf7 37. Rxc8 Kxe6 38. Bb7 Rf2 39.
Be4 Kd7 40. Rc3 Rh4 41. Bc2 Rh1+ 42. Nd1 h5 43. Ra3 h4 44. Rxa7+ Kd6 45. Rh7
Re2 46. a4 Re7 47. Rh8 h3 48. Kd2 Rh2+ 49. Kd3 Kc5 50. Rh5+ Kb6 51. Bb3 Rd7+
52. Kc3 Rh1 53. Nf2 Rf1 54. Nxh3 Rc1+ 55. Kb4 Rd4+ 56. Ka3 Ra1+ 57. Ba2 Rd3+
58. b3 Rd2 59. Rh6+ Kb7 60. Ng5 Raxa2+ 61. Kb4 Rh2 62. Re6 Rh5 63. Ne4 Rc2 64.
Nd6+ Ka7 65. Nb5+ Kb7 66. Re7+ Kb8 67. Nd6 Rc6 68. Re8+ Kc7 69. Nb5+ Kb7 70.
Re7+ Kb8 71. Re4 Rb6 72. Re8+ Kb7 73. Re7+ Kb8 74. Ka5 Rhh6 75. Re8+ Kb7 76.
Re7+ Kb8 77. Re5 Rbe6 78. Rd5 Kb7 79. Rd7+ Kb8 80. Rd4 Re3 81. Rd8+ Kb7 82. Nd4
Re4 83. Rd7+ Kc8 84. Rd5 Kb7 85. Kb5 Rb6+ 86. Kc4 Ra6 87. a5 Rh6 88. Kb5 Reh4
89. b4 R4h5 90. Nf5 Rh7 91. Kc5 Rc7+ 92. Kd4 Rh1 93. Nd6+ Ka6 94. Rg5 Rd1+ 95.
Ke5 Re7+ 96. Kf6 Re2 97. Nf5 Rd8 98. Rg6 Kb5 99. Rg5 Kxb4 100. Ng3 {nejasno 
(111)} 1/2-1/2

[Event "I. CLANSKA LIGA ZAHOD 2025"]
[Site "Komenda"]
[Date "2025.10.10"]
[Round "4.3"]
[White "Keber, Aljosa"]
[Black "Acimovic, Vasja"]
[Result "0-1"]
[WhiteElo "2102"]
[BlackElo "2285"]
[PlyCount "98"]
[EventDate "2025.09.26"]
[WhiteTeam "SD DOMZALE"]
[BlackTeam "SK KOCEVJE"]

1. Nf3 Nf6 2. g3 g6 3. Bg2 Bg7 4. c4 d6 5. Nc3 O-O 6. d4 Nc6 7. h3 a6 8. O-O
Rb8 9. e4 b5 10. d5 Na5 11. cxb5 axb5 12. b4 Nc4 13. Nd4 Bd7 14. Qd3 Ne5 15.
Qe2 c5 16. bxc5 b4 17. c6 bxc3 18. cxd7 Qb6 19. Nb3 Nfxd7 20. Be3 Qb5 21. Qxb5
Rxb5 22. Nd4 Rb2 23. Rfc1 Rc8 24. Bf1 Nc5 25. f4 Ned7 26. Rxc3 Ra8 27. Bg2 Ra4
28. Rd1 Raxa2 29. Bf3 Ra4 30. Rcc1 Ra3 31. Bf2 h5 32. g4 Rba2 33. Bg2 Nd3 34.
Rc8+ Nf8 35. Rc2 Nxf4 36. Rxa2 Rxa2 37. Nc6 Bf6 38. Bf1 Ra3 39. Kh2 Nh7 40. Bd4
h4 41. e5 dxe5 42. Bxe5 Bxe5 43. Nxe5 Ra2+ 44. Kh1 Ng5 45. Bc4 Rc2 46. d6 Ne4
47. Kg1 exd6 48. Bxf7+ Kg7 49. Nxg6 Nxh3+ 0-1

[Event "I. CLANSKA LIGA ZAHOD 2025"]
[Site "Komenda"]
[Date "2025.10.10"]
[Round "4.3"]
[White "Acimovic, Sergej"]
[Black "Debevec, Blaz"]
[Result "1/2-1/2"]
[WhiteElo "2167"]
[BlackElo "2133"]
[PlyCount "203"]
[EventDate "2025.09.26"]
[WhiteTeam "SK KOCEVJE"]
[BlackTeam "SD DOMZALE"]

1. d4 Nf6 2. c4 c5 3. d5 b5 4. cxb5 a6 5. e3 d6 6. Nc3 g6 7. Nf3 Bg7 8. a4 O-O
9. Ra3 Bb7 10. Be2 Nbd7 11. O-O axb5 12. Bxb5 Ba6 13. Bxa6 Rxa6 14. e4 Qa8 15.
Nd2 Ne5 16. Qe2 Rc8 17. f4 Ned7 18. Nc4 Nb6 19. Nxb6 Rxb6 20. a5 Rb4 21. Kh1
Rcb8 22. Re1 Rd4 23. Be3 Rdb4 24. Bc1 Rd4 25. a6 Nd7 26. a7 Rb7 27. Qa6 Rdb4
28. h3 Bd4 29. e5 dxe5 30. d6 e6 31. fxe5 R4b6 32. Qa4 Nxe5 33. Ne4 Nd7 34. b3
Rb4 35. Qc6 R4b6 36. Qa4 Rb4 37. Qa5 R4b5 38. Qa6 R5b6 39. Qa5 Rb5 40. Qd2 Rxa7
41. Rxa7 Qxa7 42. Bb2 Qa5 43. Qxa5 Rxa5 44. b4 Rb5 45. Bxd4 cxd4 46. Rc1 Rxb4
47. Rc7 d3 48. Nf2 d2 49. Rxd7 Rf4 50. Rd8+ Kg7 51. d7 d1=Q+ 52. Nxd1 Rf1+ 53.
Kh2 Rxd1 54. g4 g5 55. Kg2 Kf6 56. Kf3 Ke7 57. Rg8 h6 58. Rh8 Rxd7 59. Rxh6
Rd3+ 60. Ke4 Rg3 61. Kd4 Ra3 62. Ke4 Ra4+ 63. Kf3 Rf4+ 64. Ke3 Kd6 65. Rh8 Rc4
66. Kf3 Ke5 67. Rf8 Rc3+ 68. Kg2 f6 69. Rf7 Re3 70. Rf8 f5 71. gxf5 exf5 72.
Ra8 Kf4 73. Ra4+ Re4 74. Ra2 Rb4 75. Rc2 Rb3 76. Re2 Rd3 77. Rf2+ Ke5 78. Re2+
Kf6 79. Re8 Ra3 80. Rb8 f4 81. Rf8+ Kg7 82. Rb8 Rg3+ 83. Kh2 Kg6 84. Rf8 Kg7
85. Rf5 Kg6 86. Rf8 Re3 87. h4 Kh5 88. hxg5 Kg4 89. g6 Re2+ 90. Kg1 Kf3 91. Ra8
Rg2+ 92. Kf1 Rxg6 93. Ra3+ Kg4 94. Kf2 Rh6 95. Rb3 Rh2+ 96. Kf1 Ra2 97. Rc3 f3
98. Rc8 f2 99. Rg8+ Kf4 100. Rf8+ Kg3 101. Rg8+ Kh2 102. Rh8+ 1/2-1/2

[Event "I. CLANSKA LIGA ZAHOD 2025"]
[Site "Komenda"]
[Date "2025.10.10"]
[Round "4.3"]
[White "Markosek, Bine"]
[Black "Zuzek, Bor"]
[Result "1/2-1/2"]
[WhiteElo "2020"]
[BlackElo "2073"]
[PlyCount "62"]
[EventDate "2025.09.26"]
[WhiteTeam "SD DOMZALE"]
[BlackTeam "SK KOCEVJE"]

1. e4 c5 2. Nf3 Nc6 3. Bb5 Nf6 4. e5 Nd5 5. Nc3 Nc7 6. Bxc6 dxc6 7. Ne4 b6 8.
d3 h6 9. O-O Bf5 10. Re1 c4 11. d4 e6 12. Bf4 Nd5 13. Bg3 Bxe4 14. Rxe4 c3 15.
b3 Be7 16. Ne1 Kd7 17. Nd3 Qg8 18. Nf4 h5 19. f3 b5 20. Nxd5 cxd5 21. Re3 b4
22. Qd3 Qc8 23. f4 g6 24. a3 a5 25. Ra2 Qc6 26. a4 Qa6 27. Qxa6 Rxa6 28. h4
Raa8 29. Ra1 Bd8 30. Rd1 Bb6 31. Bf2 Rhc8 1/2-1/2

[Event "I. CLANSKA LIGA ZAHOD 2025"]
[Site "Komenda"]
[Date "2025.10.10"]
[Round "4.3"]
[White "Mestek, Igor"]
[Black "Markosek, Maj"]
[Result "1-0"]
[WhiteElo "2032"]
[BlackElo "1994"]
[PlyCount "69"]
[EventDate "2025.09.26"]
[WhiteTeam "SK KOCEVJE"]
[BlackTeam "SD DOMZALE"]

1. e4 e5 2. Nf3 Nc6 3. d4 exd4 4. Nxd4 Nf6 5. Nc3 Bb4 6. Nxc6 bxc6 7. Bd3 O-O
8. O-O d5 9. exd5 cxd5 10. Bg5 c6 11. Qf3 Be6 12. h3 Be7 13. Rfe1 Rb8 14. Na4
Rb4 15. b3 h6 16. Bf4 Bd6 17. Bxd6 Qxd6 18. Qe3 Nd7 19. Rad1 c5 20. c3 Rbb8 21.
Bb1 Rfd8 22. c4 d4 23. Qe4 Nf6 24. Qh4 Rbc8 25. Nc3 Qc6 26. Ne2 Nh7 27. Ng3 Ng5
28. f4 Nh7 29. Nh5 g6 30. Ng3 Kg7 31. f5 g5 32. Nh5+ Kg8 33. Qg3 Bd7 34. Qe5 f6
35. Qe7 1-0

[Event "I. CLANSKA LIGA ZAHOD 2025"]
[Site "Komenda"]
[Date "2025.10.10"]
[Round "4.3"]
[White "Skok, Joze"]
[Black "Mihic, Adam"]
[Result "0-1"]
[WhiteElo "1948"]
[BlackElo "1864"]
[PlyCount "62"]
[EventDate "2025.09.26"]
[WhiteTeam "SD DOMZALE"]
[BlackTeam "SK KOCEVJE"]

1. e4 e5 2. Nf3 Nc6 3. Bb5 a6 4. Ba4 f5 5. d3 fxe4 6. dxe4 Nf6 7. Bg5 d6 8. h3
Be6 9. Nc3 Be7 10. Qd3 O-O 11. O-O Nh5 12. Bxe7 Qxe7 13. Bb3 Nf4 14. Qe3 Rf6
15. Nd5 Bxd5 16. Bxd5+ Kh8 17. Kh2 Raf8 18. Ng1 Nd4 19. Bb3 Nxh3 20. Nxh3 Nf3+
21. Kh1 Rh6 22. gxf3 Rf4 23. Rg1 Rxh3+ 24. Kg2 Qh4 25. Qa7 Rhxf3 26. Kf1 Rxf2+
27. Ke1 Rg2+ 28. Kd1 Qg4+ 29. Kc1 Rxg1+ 30. Kd2 Rg2+ 31. Kc3 Qf3+ 0-1

[Event "I. CLANSKA LIGA ZAHOD 2025"]
[Site "Komenda"]
[Date "2025.10.10"]
[Round "4.4"]
[White "Praznik, Niko"]
[Black "Belyaletdinov, Leonard"]
[Result "0-1"]
[WhiteElo "2297"]
[BlackElo "2130"]
[PlyCount "80"]
[EventDate "2025.09.26"]
[WhiteTeam "SD VRHNIKA"]
[BlackTeam "TAJFUN - SK LJUBLJANA"]

1. Nf3 d5 2. g3 Nf6 3. Bg2 e6 4. O-O Bd6 5. d3 O-O 6. Nbd2 Nbd7 7. e4 c5 8. Re1
Qc7 9. Qe2 dxe4 10. dxe4 Be7 11. Nc4 b5 12. Bf4 Qc6 13. Nce5 Nxe5 14. Nxe5 Qb6
15. a4 bxa4 16. Rxa4 Qxb2 17. Nc6 Qb7 18. Na5 Qd7 19. Raa1 Rd8 20. Reb1 e5 21.
Bxe5 Qe6 22. Bc3 Nd5 23. Be1 Ba6 24. Qh5 Nb4 25. Bxb4 cxb4 26. e5 Rac8 27. Bh3
Qb6 28. Bxc8 Rxc8 29. c4 Bc5 30. Qe2 Bd4 31. Ra2 h6 32. h4 Rc5 33. Qe4 Rxe5 34.
c5 Rxe4 35. cxb6 Bxb6 36. Rbb2 Bd3 37. Ra4 Re1+ 38. Kh2 Be4 39. Kh3 Bf3 40. g4
Bc7 0-1

[Event "I. CLANSKA LIGA ZAHOD 2025"]
[Site "Komenda"]
[Date "2025.10.10"]
[Round "4.4"]
[White "Krstic, David"]
[Black "Justin, Matjaz"]
[Result "1/2-1/2"]
[WhiteElo "1974"]
[BlackElo "2210"]
[PlyCount "61"]
[EventDate "2025.09.26"]
[WhiteTeam "TAJFUN - SK LJUBLJANA"]
[BlackTeam "SD VRHNIKA"]

1. Nf3 c5 2. g3 b6 3. Bg2 Bb7 4. O-O Nf6 5. c4 e6 6. Nc3 d6 7. d3 Be7 8. e4
Nbd7 9. a3 a6 10. Bd2 O-O 11. Re1 Qc7 12. Rc1 Rfe8 13. b4 h6 14. Qb3 Rab8 15.
Bf4 Ne5 16. Bxe5 dxe5 17. Red1 Nd7 18. h4 Ba8 19. b5 axb5 20. Nxb5 Qc8 21. Qb2
Bc6 22. Na7 Qb7 23. Nxc6 Qxc6 24. Nxe5 Nxe5 25. Qxe5 Bf6 26. Qh5 e5 27. Qe2 Ra8
28. Qb2 Ra6 29. Rb1 Rea8 30. Bh3 Qd6 31. Ra1 1/2-1/2

[Event "I. CLANSKA LIGA ZAHOD 2025"]
[Site "Komenda"]
[Date "2025.10.10"]
[Round "4.4"]
[White "Okorn, Nejc"]
[Black "Srebrnic, Vojko"]
[Result "1-0"]
[WhiteElo "1919"]
[BlackElo "1964"]
[PlyCount "113"]
[EventDate "2025.09.26"]
[WhiteTeam "SD VRHNIKA"]
[BlackTeam "TAJFUN - SK LJUBLJANA"]

1. e4 c5 2. Nc3 Nc6 3. g3 g6 4. Bg2 Bg7 5. d3 d6 6. Be3 e5 7. Nge2 Nge7 8. O-O
O-O 9. Qd2 Nd4 10. Rac1 Bh3 11. Bh6 Nxe2+ 12. Nxe2 Bxg2 13. Kxg2 d5 14. Bxg7
Kxg7 15. Qc3 Qd6 16. f4 d4 17. fxe5 Qxe5 18. Qb3 f5 19. Nf4 c4 20. Qxc4 Rfc8
21. Qe6 Qxe6 22. Nxe6+ Kg8 23. Nxd4 fxe4 24. dxe4 Re8 25. Rf6 Rad8 26. c3 Nc8
27. Re1 Nd6 28. Rf4 Nc4 29. b3 Ne5 30. Re3 Rd7 31. h3 a6 32. Rf2 Rde7 33. Rfe2
Nf7 34. Kf3 Ne5+ 35. Kf2 Rf8+ 36. Ke1 Ref7 37. Kd2 b5 38. Ne6 Rd7+ 39. Kc2 Rf6
40. Nf4 Kg7 41. Nd3 Nc6 42. e5 Rf1 43. e6 Re7 44. Nf4 Re8 45. Rd3 Ne7 46. h4 h6
47. c4 bxc4 48. bxc4 Rc8 49. Kb3 Rb8+ 50. Kc3 Rc1+ 51. Rc2 Re1 52. Kd2 Re5 53.
Rd7 Re8 54. Rb2 g5 55. hxg5 hxg5 56. Nd5 Rxe6 57. Rbb7 1-0

[Event "I. CLANSKA LIGA ZAHOD 2025"]
[Site "Komenda"]
[Date "2025.10.10"]
[Round "4.4"]
[White "Kovacic, Jakob"]
[Black "Zlindra, Aljaz"]
[Result "0-1"]
[WhiteElo "1659"]
[BlackElo "1995"]
[PlyCount "56"]
[EventDate "2025.09.26"]
[WhiteTeam "TAJFUN - SK LJUBLJANA"]
[BlackTeam "SD VRHNIKA"]

1. e4 c6 2. Nf3 d5 3. d3 g6 4. Be2 Bg7 5. e5 c5 6. O-O Nc6 7. Bf4 f6 8. exf6
Bxf6 9. Nc3 e5 10. Bg3 Nge7 11. Re1 O-O 12. Bf1 Bg4 13. h3 Bxf3 14. Qxf3 Nd4
15. Qd1 Nec6 16. Ne2 Nf5 17. Bh2 Qd7 18. Ng3 Bh4 19. Nxf5 Qxf5 20. Bg3 Bxg3 21.
fxg3 Qf2+ 22. Kh2 Nd4 23. Be2 Nf5 24. Bf3 Qxg3+ 25. Kh1 Rad8 26. c3 Nh4 27. Rf1
Rxf3 28. Qxf3 Nxf3 0-1

[Event "I. CLANSKA LIGA ZAHOD 2025"]
[Site "Komenda"]
[Date "2025.10.10"]
[Round "4.4"]
[White "Praznik, Anton"]
[Black "Tomazin Kosorok, Tadej"]
[Result "1-0"]
[WhiteElo "1962"]
[BlackElo "1614"]
[PlyCount "83"]
[EventDate "2025.09.26"]
[WhiteTeam "SD VRHNIKA"]
[BlackTeam "TAJFUN - SK LJUBLJANA"]

1. e4 e5 2. Nf3 Nc6 3. Bb5 a6 4. Ba4 Nf6 5. O-O b5 6. Bb3 Be7 7. Re1 d6 8. c3
O-O 9. h3 Na5 10. Bc2 c5 11. d4 Qc7 12. Nbd2 cxd4 13. cxd4 Bd7 14. Nf1 Rfc8 15.
Re2 Nc6 16. a3 Na5 17. Ng3 Rab8 18. b3 Be6 19. Bb2 exd4 20. Nxd4 Bd7 21. Ndf5
Bxf5 22. Nxf5 Rb7 23. Rd2 Bf8 24. Rc1 Rb6 25. Bb1 Rc6 26. Rxc6 Qxc6 27. Rc2 Qd7
28. Rxc8 Qxc8 29. Qf3 Qe6 30. Nd4 Qe8 31. Bc3 Nb7 32. b4 Nd8 33. Nf5 Qe6 34.
Nh6+ Kh8 35. Bxf6 gxf6 36. Nf5 Nc6 37. Qc3 Ne5 38. Bd3 Be7 39. f4 Nxd3 40. Qxd3
Bf8 41. Qd5 Qe7 42. Nxe7 1-0

[Event "I. CLANSKA LIGA ZAHOD 2025"]
[Site "Komenda"]
[Date "2025.10.10"]
[Round "4.5"]
[White "Brezovar, Matjaz"]
[Black "Feinig, Mario"]
[Result "1/2-1/2"]
[WhiteElo "2185"]
[BlackElo "2192"]
[PlyCount "133"]
[EventDate "2025.09.26"]
[WhiteTeam "SK DOLENJSKE TOPLICE"]
[BlackTeam "SK STARI MAYR KRANJ"]

1. g3 d5 2. Nf3 c5 3. Bg2 Nc6 4. d4 Nf6 5. O-O e6 6. c4 dxc4 7. dxc5 Qxd1 8.
Rxd1 Bxc5 9. Nbd2 c3 10. bxc3 O-O 11. Nb3 Be7 12. Nfd4 Nxd4 13. cxd4 Nd5 14.
Bd2 f5 15. Na5 b6 16. Nc6 Bf6 17. e3 Bb7 18. Nb4 Rfc8 19. a4 Rab8 20. a5 Nxb4
21. Bxb4 Bxg2 22. Kxg2 Rb7 23. axb6 axb6 24. Rab1 Rd7 25. h4 g6 26. Rd2 Kf7 27.
Ra2 e5 28. dxe5 Bxe5 29. Be1 Rc6 30. Ra6 Bc7 31. Ra2 Ke6 32. Rab2 Rd5 33. Rb4
Rc2 34. e4 fxe4 35. Rxe4+ Re5 36. Rxe5+ Kxe5 37. Kf3 Kd5 38. Ke3 Kc6 39. Kd3
Rc5 40. Bd2 b5 41. Be3 Rc4 42. h5 gxh5 43. Rh1 h4 44. gxh4 h5 45. Bg5 Kd5 46.
Rb1 b4 47. Bd2 Bd6 48. Bg5 Rc3+ 49. Kd2 Kc4 50. Re1 Kb3 51. Re6 Bc5 52. Be3 Kb2
53. Re5 Bxe3+ 54. fxe3 Rc8 55. Rxh5 Rd8+ 56. Ke2 b3 57. Rb5 Kc2 58. Kf3 b2 59.
h5 b1=Q 60. Rxb1 Kxb1 61. Kg4 Re8 62. h6 Rxe3 63. Kg5 Rh3 64. Kg6 Kc2 65. h7
Kd3 66. Kg7 Rxh7+ 67. Kxh7 1/2-1/2

[Event "I. CLANSKA LIGA ZAHOD 2025"]
[Site "Komenda"]
[Date "2025.10.10"]
[Round "4.5"]
[White "Mircic, Ivan"]
[Black "Luzar, Emil"]
[Result "1-0"]
[WhiteElo "2173"]
[BlackElo "2111"]
[PlyCount "119"]
[EventDate "2025.09.26"]
[WhiteTeam "SK STARI MAYR KRANJ"]
[BlackTeam "SK DOLENJSKE TOPLICE"]

1. Nf3 Nf6 2. g3 g6 3. Bg2 Bg7 4. O-O O-O 5. c4 d6 6. d4 c6 7. Nc3 Bf5 8. Re1
Ne4 9. Qb3 Nxc3 10. bxc3 Qc8 11. e4 Bd7 12. e5 dxe5 13. Nxe5 Na6 14. Nxd7 Qxd7
15. Rb1 Rab8 16. Bf4 Nc7 17. Qa3 e5 18. Bxe5 Bxe5 19. Rxe5 a6 20. Re7 Qc8 21.
Qd6 Ne8 22. Qd7 b5 23. Bxc6 Nf6 24. Qxc8 Rfxc8 25. cxb5 Rxc6 26. bxc6 Rxb1+ 27.
Kg2 Rb8 28. c4 Kf8 29. Rb7 Rc8 30. d5 Ne4 31. Ra7 Nd6 32. c5 Ne4 33. d6 Nxc5
34. d7 Nxd7 35. cxd7 Rd8 36. Kf3 Ke7 37. Ke4 Rb8 38. d8=Q+ Kxd8 39. Rxf7 Rb2
40. a3 Ke8 41. Rxh7 Rxf2 42. Rg7 Rf6 43. h4 Kf8 44. Ra7 Rc6 45. Kf4 Rc3 46.
Rxa6 Kf7 47. Ra7+ Kf6 48. Ra6+ Kg7 49. Ra4 Kf6 50. g4 Rc6 51. Rb4 Rc1 52. a4
Rf1+ 53. Ke4 Ke6 54. Kd4 Rh1 55. Kc5 Rxh4 56. Kc6 Ke5 57. a5 g5 58. a6 Rh6+ 59.
Kb5 Rh7 60. Ra4 1-0

[Event "I. CLANSKA LIGA ZAHOD 2025"]
[Site "Komenda"]
[Date "2025.10.10"]
[Round "4.5"]
[White "Stubljar, Andrej"]
[Black "Kersic, Matej"]
[Result "1-0"]
[WhiteElo "1995"]
[BlackElo "2054"]
[PlyCount "103"]
[EventDate "2025.09.26"]
[WhiteTeam "SK DOLENJSKE TOPLICE"]
[BlackTeam "SK STARI MAYR KRANJ"]

1. e4 c5 2. c4 Nc6 3. Nc3 g6 4. g3 Bg7 5. Bg2 d6 6. Nge2 Rb8 7. d3 a6 8. a4 e6
9. O-O Nge7 10. Be3 Nd4 11. Rb1 Nec6 12. f4 O-O 13. Bf2 Bd7 14. Nxd4 Nxd4 15.
b4 cxb4 16. Rxb4 Qa5 17. Na2 Qc7 18. Kh1 Bc6 19. Nc3 Qd7 20. a5 Qc8 21. Rb6 Qc7
22. Ne2 Nxe2 23. Qxe2 Rfe8 24. Rc1 f5 25. d4 fxe4 26. Bxe4 d5 27. Bg2 Qd7 28.
c5 Bf6 29. Qd2 Bd8 30. Rb3 Qf7 31. h4 g5 32. hxg5 h6 33. gxh6 Qh5+ 34. Kg1 Qxh6
35. Be3 Qg6 36. Bf2 Kg7 37. Re1 Rh8 38. Rbe3 Bd7 39. f5 exf5 40. Bxd5 Kf8 41.
Qb4 Bc6 42. Bxc6 Qxc6 43. d5 Qxd5 44. Re8+ Kg7 45. Bd4+ Bf6 46. Bxf6+ Kxf6 47.
Qc3+ Kg6 48. Qxh8 Qxc5+ 49. Kh2 Qf2+ 50. Kh3 Qxe1 51. Qg8+ Kh6 52. Qf8+ 1-0

[Event "I. CLANSKA LIGA ZAHOD 2025"]
[Site "Komenda"]
[Date "2025.10.10"]
[Round "4.5"]
[White "Aljancic, Martin"]
[Black "Pucelj, Joze"]
[Result "1/2-1/2"]
[WhiteElo "2144"]
[BlackElo "1969"]
[PlyCount "92"]
[EventDate "2025.09.26"]
[WhiteTeam "SK STARI MAYR KRANJ"]
[BlackTeam "SK DOLENJSKE TOPLICE"]

1. e4 e6 2. d4 d5 3. Nc3 Bb4 4. e5 Ne7 5. Bd2 c5 6. Nb5 Bxd2+ 7. Qxd2 O-O 8.
dxc5 a6 9. Nd4 Qc7 10. f4 Qxc5 11. Ngf3 Nbc6 12. Bd3 Nxd4 13. Nxd4 Nc6 14. Nb3
Qb6 15. c3 Bd7 16. Rf1 Na5 17. Nd4 Bb5 18. b3 Bxd3 19. Qxd3 Rac8 20. O-O-O Rc7
21. Kb1 Rfc8 22. Rc1 Nc6 23. g4 Nxd4 24. Qxd4 Qxd4 25. cxd4 Rxc1+ 26. Rxc1
Rxc1+ 27. Kxc1 Kf8 28. Kd2 Ke7 29. Ke3 b5 30. b4 g6 31. Kf3 Kf8 32. h4 Kg7 33.
h5 Kh6 34. hxg6 hxg6 35. Kg3 g5 36. Kf3 Kg6 37. fxg5 Kxg5 38. Kg3 Kh6 39. Kh4
Kg6 40. a3 Kh6 41. g5+ Kg6 42. Kg4 Kg7 43. Kh4 Kg6 44. Kg4 Kg7 45. Kh5 Kh7 46.
Kg4 Kg6 1/2-1/2

[Event "I. CLANSKA LIGA ZAHOD 2025"]
[Site "Komenda"]
[Date "2025.10.10"]
[Round "4.5"]
[White "Voglar, Peter"]
[Black "Podvrsnik, Marko"]
[Result "1-0"]
[WhiteElo "1954"]
[BlackElo "2128"]
[PlyCount "139"]
[EventDate "2025.09.26"]
[WhiteTeam "SK DOLENJSKE TOPLICE"]
[BlackTeam "SK STARI MAYR KRANJ"]

1. c4 Nf6 2. d4 c5 3. Nf3 g6 4. g3 Bg7 5. Bg2 O-O 6. O-O Nc6 7. d5 Na5 8. Qd3
a6 9. e4 d6 10. Re1 b5 11. Nbd2 Nd7 12. Rb1 Rb8 13. b3 Nb6 14. cxb5 axb5 15.
Qc2 b4 16. Bf1 Nd7 17. Bb2 f6 18. a4 Qb6 19. Nc4 Nxc4 20. Bxc4 Ba6 21. Nd2 Qa5
22. Qd3 Bxc4 23. Nxc4 Qa6 24. Rbc1 Nb6 25. Qe2 Nxc4 26. Qxc4 Qxc4 27. Rxc4 Rbc8
28. f4 e6 29. Rd1 e5 30. fxe5 fxe5 31. Rf1 Bh6 32. Rc2 Be3+ 33. Kg2 Rxf1 34.
Kxf1 Rf8+ 35. Kg2 Bd4 36. Bxd4 exd4 37. e5 dxe5 38. Rxc5 d3 39. d6 Rd8 40. Rd5
e4 41. Kf2 Kf7 42. Ke3 Ke6 43. Rd4 Rxd6 44. Rxe4+ Kd7 45. Kd2 Rc6 46. Rxb4 Rc2+
47. Kxd3 Rxh2 48. Rg4 Kc6 49. Kc4 Ra2 50. Kb4 Kb6 51. Re4 Kc6 52. a5 Rg2 53. g4
h5 54. gxh5 gxh5 55. Re6+ Kb7 56. Rh6 Rg4+ 57. Kb5 Rg5+ 58. Ka4 Rf5 59. b4 Rg5
60. Rh7+ Kc6 61. b5+ Kc5 62. Rc7+ Kd6 63. Rc6+ Kd5 64. a6 Rg1 65. Ka5 h4 66.
Kb6 h3 67. a7 Ra1 68. Rc2 Kd4 69. Kb7 Kd3 70. Rh2 1-0

[Event "I. CLANSKA LIGA ZAHOD 2025"]
[Site "Komenda"]
[Date "2025.10.10"]
[Round "4.5"]
[White "Rici, Jurij"]
[Black "Janko, Marko"]
[Result "1-0"]
[WhiteElo "1900"]
[BlackElo "1717"]
[PlyCount "91"]
[EventDate "2025.09.26"]
[WhiteTeam "SK STARI MAYR KRANJ"]
[BlackTeam "SK DOLENJSKE TOPLICE"]

1. d4 Nf6 2. c4 g6 3. Nf3 Bg7 4. e3 d6 5. Nc3 Nbd7 6. Be2 O-O 7. O-O e5 8. Qc2
Ne8 9. dxe5 dxe5 10. e4 c6 11. b3 Qc7 12. Rd1 Nef6 13. Ba3 c5 14. Rac1 a6 15.
Nd5 Nxd5 16. cxd5 b6 17. b4 Bh6 18. Nd2 Bb7 19. bxc5 bxc5 20. Rb1 Rab8 21. Nc4
f5 22. f3 fxe4 23. fxe4 a5 24. Bc1 Bg7 25. Bd2 Ra8 26. Nxa5 Rfb8 27. Nxb7 Rxb7
28. Rxb7 Qxb7 29. Bc4 Bf8 30. a4 Bd6 31. Bb5 Qa7 32. Be3 Nf6 33. h4 Qa5 34. Bd2
Qa7 35. Kh2 Rc8 36. Bc4 Rb8 37. Bd3 Rc8 38. Qc4 Qa8 39. a5 Kg7 40. Rb1 Nxd5 41.
exd5 e4+ 42. Kg1 exd3 43. Qxd3 c4 44. Bc3+ Kg8 45. Qd2 Rc5 46. Qd4 1-0

[Event "I. CLANSKA LIGA ZAHOD 2025"]
[Site "Komenda"]
[Date "2025.10.11"]
[Round "5.1"]
[White "Feinig, Mario"]
[Black "Skoberne, Jure"]
[Result "0-1"]
[WhiteElo "2192"]
[BlackElo "2546"]
[PlyCount "104"]
[EventDate "2025.09.26"]
[WhiteTeam "SK STARI MAYR KRANJ"]
[BlackTeam "SD POSOCJE"]

1. e4 c5 2. Nf3 Nc6 3. Bb5 g6 4. O-O Bg7 5. Re1 Nh6 6. c3 O-O 7. d4 cxd4 8.
cxd4 d5 9. Bxc6 bxc6 10. e5 Bg4 11. Nbd2 c5 12. dxc5 d4 13. h3 Bf5 14. Nb3 d3
15. Nbd4 Qd5 16. Bf4 Be4 17. b4 a5 18. a3 axb4 19. axb4 Rxa1 20. Qxa1 Nf5 21.
Nxf5 gxf5 22. Qc3 Bxf3 23. gxf3 Qxf3 24. Qd2 Kh8 25. Qe3 Qd5 26. Kh2 Rd8 27.
Ra1 Qb7 28. Rb1 Qb5 29. Qg3 Rg8 30. Rg1 Qc6 31. Qxd3 e6 32. Qg3 Qe4 33. f3 Qxb4
34. Bh6 Qb2+ 35. Rg2 Bxe5 36. Rxb2 Bxg3+ 37. Kh1 Rc8 38. f4 Bh4 39. c6 Bd8 40.
Rb7 Bc7 41. Kg2 f6 42. Kf3 Kg8 43. h4 Kf7 44. h5 e5 45. Ra7 Ke6 46. Bg7 Bb6 47.
Rb7 Rxc6 48. Rb8 e4+ 49. Ke2 Bc7 50. Rh8 Bxf4 51. Rxh7 Rc7 52. Kf2 Bg5 0-1

[Event "I. CLANSKA LIGA ZAHOD 2025"]
[Site "Komenda"]
[Date "2025.10.11"]
[Round "5.1"]
[White "Jovanovic, Zoran"]
[Black "Mircic, Ivan"]
[Result "1-0"]
[WhiteElo "2500"]
[BlackElo "2173"]
[PlyCount "37"]
[EventDate "2025.09.26"]
[WhiteTeam "SD POSOCJE"]
[BlackTeam "SK STARI MAYR KRANJ"]

1. e4 c5 2. Nf3 e6 3. g3 d5 4. exd5 exd5 5. d4 cxd4 6. Nxd4 Nf6 7. Bg2 Be7 8.
Nc3 O-O 9. O-O Nc6 10. h3 Re8 11. Be3 Be6 12. Nce2 Qd7 13. Nf4 Bd6 14. Nde2
Rad8 15. c3 Bf5 16. Re1 Be6 17. Nd4 h6 18. Nxc6 Qxc6 19. Bf1 {nejasno (70)} 1-0